[Event "Snorlax # 25"]
[Site "SchemingMind.com"]
[Date "2009.03.01"]
[Round "-"]
[White "Cesar Fuertes"]
[Black "Joe Daudish"]
[Result "1-0"]
[WhiteCountry "ARG"]
[BlackCountry "USA"]
[WhiteElo "2021"]
[WhiteRD "114"]
[BlackElo "1698"]
[BlackRD "45"]
[GameID "194567"]

1. d4 d5 2. c4 e6 3. Nc3 Nf6 4. Nf3 dxc4 5. e3 Be7 6. Bxc4 c6 7. O-O Nbd7 8. e4 b5 9. Bd3 Bb7 10. e5 Nd5
11. Nxd5 exd5 12. Qc2 h6 13. Bf5 Nf8 14. Re1 Ne6 15. Bxe6 fxe6 16. Qg6+ Kf8 17. Qxe6 Qc8 18. Qg6 Qe8 19. Qg4 Bc8 20. e6 Bf6
21. Bd2 Ke7 22. Bb4+ Kd8 23. Qf4 Be7 24. Ba5#
1-0

[Event "Snorlax # 25"]
[Site "SchemingMind.com"]
[Date "2009.03.01"]
[Round "-"]
[White "Joe Daudish"]
[Black "Cesar Fuertes"]
[Result "0-1"]
[WhiteCountry "USA"]
[BlackCountry "ARG"]
[WhiteElo "1698"]
[WhiteRD "45"]
[BlackElo "2021"]
[BlackRD "114"]
[GameID "194568"]

1. d4 Nf6 2. Nf3 g6 3. Bf4 Bg7 4. h3 d5 5. e3 O-O 6. Bd3 c5 7. c3 c4 8. Bc2 Nc6 9. Nbd2 b5 10. a3 a5
11. O-O Nd7 12. e4 e5 13. dxe5 Ncxe5 14. Nxe5 Nxe5 15. Bxe5 Bxe5 16. exd5 Bb7 17. Nf3 Bg7 18. Re1 Qb6 19. Ne5 Rad8 20. Qg4 f5
21. Qf4 Rxd5 22. Nf3 Rfd8 23. Nd4 Bxd4 24. cxd4 Rxd4 25. Qh6 Rd2 26. Re7 Qxf2+
0-1

[Event "Snorlax # 25"]
[Site "SchemingMind.com"]
[Date "2009.03.10"]
[Round "-"]
[White "Zugzwang"]
[Black "Cesar Fuertes"]
[Result "0-1"]
[WhiteCountry "CAN"]
[BlackCountry "ARG"]
[WhiteElo "1433"]
[WhiteRD "59"]
[BlackElo "2021"]
[BlackRD "114"]
[GameID "195674"]

1. d4 Nf6 2. Nf3 g6 3. e3 Bg7 4. Be2 d5 5. O-O O-O 6. b3 c5 7. Bb2 Nc6 8. Nbd2 Ne4 9. Nxe4 dxe4 10. Ng5 cxd4
11. exd4 Qd5 12. Qd2 h6 13. Nh3 Bxh3 14. gxh3 Nxd4 15. Rad1 Nxe2+ 16. Qxe2 Qg5+ 17. Qg4 Bxb2
0-1

[Event "Snorlax # 25"]
[Site "SchemingMind.com"]
[Date "2009.03.09"]
[Round "-"]
[White "Zugzwang"]
[Black "Joe Daudish"]
[Result "1/2-1/2"]
[WhiteCountry "CAN"]
[BlackCountry "USA"]
[WhiteElo "1433"]
[WhiteRD "59"]
[BlackElo "1698"]
[BlackRD "45"]
[GameID "195675"]

1. d4 d5 2. e3 Nf6 3. Bd3 e6 4. Nf3 Bd6 5. O-O c5 6. c3 Nc6 7. Nbd2 Bd7 8. Qe2 c4 9. Bc2 Qc7 10. e4 dxe4
11. Nxe4 Nxe4 12. Qxe4 O-O-O 13. b4 cxb3 14. axb3 Kb8 15. Be3 b6 16. c4 f5 17. Qh4 Kb7 18. d5 Ne5 19. Nxe5 Bxe5 20. Rad1 Bf6
21. Bg5 Bxg5 22. Qxg5 g6 23. Rfe1 exd5 24. Rxd5 Rhe8 25. Rxe8 Rxe8 26. f4 Bc6 27. Rd1 Qe7 28. Qg3 Qe3+ 29. Qxe3 Rxe3 30. Kf2 Re7
31. g3 a5 32. Rd4 Kc7 33. Bd1 h5 34. h4 Be4 35. Rd2 Rd7 36. Rxd7+=
1/2-1/2

[Event "Snorlax # 25"]
[Site "SchemingMind.com"]
[Date "2009.03.10"]
[Round "-"]
[White "Cesar Fuertes"]
[Black "Zugzwang"]
[Result "1-0"]
[WhiteCountry "ARG"]
[BlackCountry "CAN"]
[WhiteElo "2021"]
[WhiteRD "114"]
[BlackElo "1433"]
[BlackRD "59"]
[GameID "195676"]

1. d4 f5 2. c4 Nf6 3. Nc3 c6 4. Nf3 e6 5. e3 d5 6. Bd3 Bb4 7. O-O O-O 8. a3 Bxc3 9. bxc3 Nbd7 10. a4 Nh5
11. Ba3 Rf6 12. cxd5 cxd5 13. c4 Nb6 14. cxd5 Nxd5 15. Ne5 Rh6 16. Qf3 Qg5 17. e4 Ne7 18. exf5 Nc6 19. Nxc6 bxc6 20. Qxc6
1-0

[Event "Snorlax # 25"]
[Site "SchemingMind.com"]
[Date "2009.03.09"]
[Round "-"]
[White "Joe Daudish"]
[Black "Zugzwang"]
[Result "0-1"]
[WhiteCountry "USA"]
[BlackCountry "CAN"]
[WhiteElo "1698"]
[WhiteRD "45"]
[BlackElo "1433"]
[BlackRD "59"]
[GameID "195677"]

1. d4 f5 2. Nf3 Nf6 3. Bf4 e6 4. h3 c6 5. e3 d5 6. Be2 Bd6 7. Bxd6 Qxd6 8. c3 O-O 9. Nbd2 Nbd7 10. O-O a5
11. Re1 b5 12. a3 a4 13. Qc2 Bb7 14. b4 axb3 15. Qxb3 h6 16. a4 g5 17. axb5 Rxa1 18. Rxa1 Ne4 19. bxc6 Bxc6 20. c4 g4
21. hxg4 fxg4 22. Nxe4 dxe4 23. Nd2 h5 24. c5 Qe7 25. Nc4 Qf7 26. Rf1 Bd5 27. Qc2 Qg7 28. Nd6 Nf6 29. Bc4 h4 30. Bxd5 exd5
31. Qa2 g3 32. f3 Kh8 33. fxe4 dxe4 34. Qe6 Ng4 35. Qxe4 Rxf1+ 36. Kxf1 Qf6+ 37. Qf4 Nxe3+
0-1

[Event "Snorlax # 25"]
[Site "SchemingMind.com"]
[Date "2009.03.10"]
[Round "-"]
[White "staunton64"]
[Black "Cesar Fuertes"]
[Result "0-1"]
[WhiteCountry "FRA"]
[BlackCountry "ARG"]
[WhiteElo "1712"]
[WhiteRD "64"]
[BlackElo "2021"]
[BlackRD "114"]
[GameID "195757"]

1. c4 f5 2. Nc3 e5 3. e4 Nf6 4. d3 d6 5. Bg5 Be7 6. Nf3 O-O 7. Be2 Nc6 8. a3 Nd4 9. Nxd4 exd4 10. Nd5 Nxd5
11. Bxe7 Nxe7 12. O-O c5 13. f4 Ng6 14. Bh5 Qf6 15. Rf3 fxe4 16. dxe4 Nxf4 17. Qf1 Qg5 18. Kh1 Bd7 19. Rd1 Nxh5 20. Rxf8+ Rxf8
21. Qe2 Bg4
0-1

[Event "Snorlax # 25"]
[Site "SchemingMind.com"]
[Date "2009.03.09"]
[Round "-"]
[White "staunton64"]
[Black "Zugzwang"]
[Result "1-0"]
[WhiteCountry "FRA"]
[BlackCountry "CAN"]
[WhiteElo "1712"]
[WhiteRD "64"]
[BlackElo "1433"]
[BlackRD "59"]
[GameID "195758"]

1. c4 c5 2. Nc3 Nc6 3. g3 g6 4. Bg2 Bg7 5. Nf3 e6 6. e4 Nge7 7. O-O O-O 8. d4 d5 9. cxd5 exd5 10. e5 cxd4
11. Nxd4 Bxe5 12. Be3 Nf5 13. Nxf5 Bxf5 14. Nxd5 Re8 15. Bh6 Bxb2 16. Rb1 Bxb1 17. Qxb1 Bd4 18. Nf4 Rb8 19. Rd1 b5 20. Bxc6 Re7
21. Qb4 Rb6 22. Rxd4 Qc7 23. Nd5
1-0

[Event "Snorlax # 25"]
[Site "SchemingMind.com"]
[Date "2009.03.10"]
[Round "-"]
[White "staunton64"]
[Black "Joe Daudish"]
[Result "1-0"]
[WhiteCountry "FRA"]
[BlackCountry "USA"]
[WhiteElo "1712"]
[WhiteRD "64"]
[BlackElo "1698"]
[BlackRD "45"]
[GameID "195759"]

1. c4 e6 2. Nc3 Nf6 3. g3 d5 4. cxd5 Nxd5 5. Bg2 Nxc3 6. bxc3 Bc5 7. Nf3 Nc6 8. O-O O-O 9. Bb2 Rb8 10. d4 Be7
11. e4 b6 12. e5 Bb7 13. Qc2 Na5 14. Bc1 c5 15. h4 cxd4 16. cxd4 Bd5 17. Ng5 h6 18. Qh7#
1-0

[Event "Snorlax # 25"]
[Site "SchemingMind.com"]
[Date "2009.03.10"]
[Round "-"]
[White "Cesar Fuertes"]
[Black "staunton64"]
[Result "1-0"]
[WhiteCountry "ARG"]
[BlackCountry "FRA"]
[WhiteElo "2021"]
[WhiteRD "114"]
[BlackElo "1712"]
[BlackRD "64"]
[GameID "195760"]

1. d4 Nf6 2. c4 e6 3. Nc3 Bb4 4. Nf3 O-O 5. Bg5 Be7 6. e4 h6 7. Bh4 d5 8. Bxf6 Bxf6 9. cxd5 exd5 10. Nxd5 Nd7
11. e5 Be7 12. Bd3 c5 13. Bc2 cxd4 14. Qd3 g6 15. Qxd4 Bc5 16. Qc3 b6 17. O-O-O Qe8 18. Nc7 Qd8 19. Nxa8 Bb7 20. Qd2 Bc6
21. Qxh6 Be7 22. Bxg6 fxg6 23. Qxg6+ Kh8 24. Qxc6 Rxf3 25. Rxd7 Bg5+ 26. Kb1 Qg8 27. Qxf3
1-0

[Event "Snorlax # 25"]
[Site "SchemingMind.com"]
[Date "2009.03.10"]
[Round "-"]
[White "Zugzwang"]
[Black "staunton64"]
[Result "0-1"]
[WhiteCountry "CAN"]
[BlackCountry "FRA"]
[WhiteElo "1433"]
[WhiteRD "59"]
[BlackElo "1712"]
[BlackRD "64"]
[GameID "195761"]

1. d4 Nf6 2. Nf3 e6 3. Nbd2 d5 4. e3 Nbd7 5. Bd3 a6 6. O-O Be7 7. e4 dxe4 8. Nxe4 O-O 9. Nxf6+ Nxf6 10. Re1 b5
11. Qe2 Bb7 12. Ng5 Qd5 13. Be4 Nxe4 14. Nxe4 f5 15. f3 fxe4 16. Qxe4 Qxe4 17. fxe4 Rf7 18. Bf4 Rxf4
0-1

[Event "Snorlax # 25"]
[Site "SchemingMind.com"]
[Date "2009.03.10"]
[Round "-"]
[White "Joe Daudish"]
[Black "staunton64"]
[Result "1/2-1/2"]
[WhiteCountry "USA"]
[BlackCountry "FRA"]
[WhiteElo "1698"]
[WhiteRD "45"]
[BlackElo "1712"]
[BlackRD "64"]
[GameID "195762"]

1. d4 Nf6 2. Nf3 e6 3. Bf4 a6 4. h3 d5 5. e3 Be7 6. Bd3 Nbd7 7. O-O O-O 8. Nbd2 c5 9. c3 c4 10. Bc2 b5
11. a3 Nh5 12. Bh2 f5 13. Ne5 Nhf6 14. Nc6 Qe8 15. Nxe7+ Qxe7 16. Nf3 Ne4 17. Bxe4 fxe4 18. Ne5 Nxe5 19. Bxe5 Qg5 20. f4 exf3
21. Rxf3 Bd7 22. Qe2 Rxf3 23. Qxf3 Rf8 24. Qe2 Be8 25. Rf1 Bh5 26. Qe1 Bg6 27. Rxf8+ Kxf8 28. Qf2+ Qf5 29. Qxf5+=
1/2-1/2

[Event "Snorlax # 25"]
[Site "SchemingMind.com"]
[Date "2009.03.15"]
[Round "-"]
[White "chessleon"]
[Black "Cesar Fuertes"]
[Result "0-1"]
[WhiteCountry "NED"]
[BlackCountry "ARG"]
[WhiteElo "1553"]
[WhiteRD "70"]
[BlackElo "2080"]
[BlackRD "102"]
[GameID "196344"]

1. e4 e5 2. Nf3 Nc6 3. Bb5 a6 4. Ba4 Nf6 5. O-O Nxe4 6. Re1 Nc5 7. Bxc6 dxc6 8. Rxe5+ Ne6 9. d4 Bd6 10. Re1 O-O
11. c4 Re8 12. d5 cxd5 13. cxd5 Nc5 14. Rxe8+ Qxe8 15. Be3 Bf5 16. Nc3 Qd7 17. h3 Re8 18. Nd4 Bxh3 19. Qf3 Bg4
0-1

[Event "Snorlax # 25"]
[Site "SchemingMind.com"]
[Date "2009.03.14"]
[Round "-"]
[White "chessleon"]
[Black "Zugzwang"]
[Result "0-1"]
[WhiteCountry "NED"]
[BlackCountry "CAN"]
[WhiteElo "1553"]
[WhiteRD "70"]
[BlackElo "1495"]
[BlackRD "59"]
[GameID "196345"]

1. e4 e5 2. Nf3 Nf6 3. Nxe5 d6 4. Nf3 Nxe4 5. d4 d5 6. Bd3 Bd6 7. Qe2 O-O 8. O-O Re8 9. Be3 Nf6 10. Qd2 Nc6
11. Nc3 Be6 12. Ng5 Bg4 13. h3 Bh5 14. g4 Bg6 15. f4 Bxd3 16. Qxd3 h6 17. Nf3 Nb4 18. Qd2 b6 19. a3 Nc6 20. g5 Ne4
21. Nxe4 dxe4 22. Ne5 Nxe5 23. fxe5 Be7 24. gxh6 gxh6 25. Bxh6 f6 26. Qg2+ Kf7 27. Qg7+ Ke6
0-1

[Event "Snorlax # 25"]
[Site "SchemingMind.com"]
[Date "2009.03.14"]
[Round "-"]
[White "chessleon"]
[Black "Joe Daudish"]
[Result "0-1"]
[WhiteCountry "NED"]
[BlackCountry "USA"]
[WhiteElo "1553"]
[WhiteRD "70"]
[BlackElo "1734"]
[BlackRD "47"]
[GameID "196346"]

1. e4 e6 2. d4 d5 3. Nd2 Ne7 4. e5 Ng6 5. Ngf3 Be7 6. g3 c5 7. c3 Nc6 8. Bg2 cxd4 9. cxd4 Bd7 10. O-O O-O
11. Re1 b5 12. Qe2 a6 13. Nf1 Qb6 14. Be3 Rfc8 15. Rec1 Na5 16. b3 Ba3 17. Rxc8+ Rxc8 18. Rd1 h6 19. Bd2 Ne7 20. Bxa5 Qxa5
21. Ne3 Nc6 22. Nc2 Be7 23. Nce1 Nb4 24. Rd2 Rc1 25. h3 Ra1 26. Kh2 Rxa2 27. Rxa2 Qxa2 28. Qe3 Qb2 29. Ng1 a5 30. Ne2 a4
31. bxa4 bxa4 32. Nd3 Nxd3 33. Qxd3 Bb5
0-1

[Event "Snorlax # 25"]
[Site "SchemingMind.com"]
[Date "2009.03.15"]
[Round "-"]
[White "chessleon"]
[Black "staunton64"]
[Result "0-1"]
[WhiteCountry "NED"]
[BlackCountry "FRA"]
[WhiteElo "1553"]
[WhiteRD "70"]
[BlackElo "1764"]
[BlackRD "65"]
[GameID "196347"]

1. e4 c5 2. Nf3 Nc6 3. d4 cxd4 4. Nxd4 Nf6 5. Nc3 e6 6. Ndb5 a6 7. Nd6+ Bxd6 8. Qxd6 Qe7 9. Qd1 O-O 10. Bg5 e5
11. Bxf6 Qxf6 12. Nd5 Qe6 13. Nc7 Qg6 14. Nxa8 Qxe4+ 15. Qe2 Qf5 16. Nb6 Nd4 17. Qd3 Nxc2+ 18. Kd1 Qxd3+ 19. Bxd3 Nxa1 20. Kd2 Nb3+
21. axb3 d6 22. Nc4 Rd8 23. Ne3 Be6 24. b4 d5
0-1

[Event "Snorlax # 25"]
[Site "SchemingMind.com"]
[Date "2009.03.14"]
[Round "-"]
[White "Cesar Fuertes"]
[Black "chessleon"]
[Result "1-0"]
[WhiteCountry "ARG"]
[BlackCountry "NED"]
[WhiteElo "2080"]
[WhiteRD "102"]
[BlackElo "1553"]
[BlackRD "70"]
[GameID "196348"]

1. d4 d5 2. c4 c6 3. Nf3 Nf6 4. Nc3 Bf5 5. e3 e6 6. Be2 Nbd7 7. Nh4 Bg6 8. Nxg6 hxg6 9. Qb3 Qc7 10. h3 dxc4
11. Bxc4 Nb6 12. Be2 Nbd5 13. Bd2 Bd6 14. O-O-O a5 15. Kb1 Nb4 16. e4 Nd7 17. a3 Na6 18. Rc1 b5 19. Nxb5 Qb8 20. Rxc6 Bf4
21. Bxf4 Qxf4 22. Nd6+ Ke7 23. Bxa6 Rab8 24. Qe3 Qxe3 25. fxe3 Rb6 26. Rxb6 Nxb6 27. e5 Ra8 28. Bb5 Nd5 29. Bc6 Rb8 30. Bxd5
1-0

[Event "Snorlax # 25"]
[Site "SchemingMind.com"]
[Date "2009.03.14"]
[Round "-"]
[White "Zugzwang"]
[Black "chessleon"]
[Result "1-0"]
[WhiteCountry "CAN"]
[BlackCountry "NED"]
[WhiteElo "1495"]
[WhiteRD "59"]
[BlackElo "1553"]
[BlackRD "70"]
[GameID "196349"]

1. d4 d5 2. Nf3 Nf6 3. e3 g6 4. Be2 Bg7 5. O-O c6 6. b3 Bg4 7. Bb2 Nbd7 8. c4 e6 9. Nc3 O-O 10. h3 Bxf3
11. Bxf3 Qc7 12. Rc1 dxc4 13. bxc4 e5 14. Re1 exd4 15. exd4 Rfe8 16. Rxe8+ Rxe8 17. d5 cxd5 18. cxd5 Ne5 19. Nb5 Nxf3+ 20. gxf3 Qd7
21. d6 Re6 22. Kg2 Ne8 23. Bxg7 Kxg7 24. Nxa7 Rxd6 25. Qb3 Rd3 26. Qb2+ Kg8 27. Rc8 Kf8 28. Qh8+
1-0

[Event "Snorlax # 25"]
[Site "SchemingMind.com"]
[Date "2009.03.14"]
[Round "-"]
[White "Joe Daudish"]
[Black "chessleon"]
[Result "1-0"]
[WhiteCountry "USA"]
[BlackCountry "NED"]
[WhiteElo "1734"]
[WhiteRD "47"]
[BlackElo "1553"]
[BlackRD "70"]
[GameID "196350"]

1. d4 d5 2. Nf3 Nf6 3. Bf4 e6 4. h3 Nbd7 5. e3 Be7 6. Bd3 c5 7. c3 c4 8. Bc2 O-O 9. O-O h6 10. Nbd2 g5
11. Bh2 Qb6 12. Qc1 Bd6 13. e4 dxe4 14. Nxe4 Nxe4 15. Bxe4 Bxh2+ 16. Nxh2 f5 17. Bc2 Nf6 18. Re1 Bd7 19. b3 cxb3 20. Bxb3 Nd5
21. Qd2 Rac8 22. c4 Nb4 23. Nf3 Nc6 24. d5 exd5 25. Qxd5+ Rf7 26. c5 Qc7 27. Qd6 Qxd6 28. cxd6 g4 29. hxg4 fxg4 30. Bxf7+ Kxf7
31. Ne5+
1-0

[Event "Snorlax # 25"]
[Site "SchemingMind.com"]
[Date "2009.03.14"]
[Round "-"]
[White "staunton64"]
[Black "chessleon"]
[Result "1-0"]
[WhiteCountry "FRA"]
[BlackCountry "NED"]
[WhiteElo "1764"]
[WhiteRD "65"]
[BlackElo "1553"]
[BlackRD "70"]
[GameID "196351"]

1. c4 Nf6 2. Nc3 e5 3. g3 c6 4. Bg2 d5 5. cxd5 cxd5 6. Nf3 Nc6 7. O-O Be6 8. d4 e4 9. Ne5 Bd6 10. Bf4 Nxe5
11. dxe5 g5 12. Qd4 gxf4 13. gxf4 Bxe5 14. Qxe5 Rg8 15. f5 Ng4 16. Qg3 Bxf5 17. h3 Nf6 18. Qe5+ Be6 19. Kh2 Ke7 20. Rad1 Qd6
21. Qxd6+ Kxd6 22. f3 exf3 23. Bxf3 d4 24. Bxb7 Rab8 25. Bg2
1-0

[Event "Snorlax # 25"]
[Site "SchemingMind.com"]
[Date "2009.03.15"]
[Round "-"]
[White "THart"]
[Black "Cesar Fuertes"]
[Result "0-1"]
[WhiteCountry "USA"]
[BlackCountry "ARG"]
[WhiteElo "1719"]
[WhiteRD "81"]
[BlackElo "2080"]
[BlackRD "102"]
[GameID "196489"]

1. d4 f5 2. e3 Nf6 3. Nf3 e6 4. Bd3 b6 5. O-O Bb7 6. Nbd2 Be7 7. Re1 Ne4 8. Ne5 O-O 9. Nxe4 fxe4 10. Be2 d6
11. Ng4 h5 12. Nh6+ gxh6 13. Bxh5 Kh8 14. Qg4 Bh4 15. g3 Qf6 16. Qf4 Bg5 17. Qxf6+ Bxf6 18. Bd2 c5 19. c3 Nd7 20. Kg2 e5
21. Bg4 Rad8 22. Rf1 exd4 23. exd4 e3+
0-1

[Event "Snorlax # 25"]
[Site "SchemingMind.com"]
[Date "2009.03.14"]
[Round "-"]
[White "THart"]
[Black "Zugzwang"]
[Result "1-0"]
[WhiteCountry "USA"]
[BlackCountry "CAN"]
[WhiteElo "1719"]
[WhiteRD "81"]
[BlackElo "1495"]
[BlackRD "59"]
[GameID "196490"]

1. d4 f5 2. e3 e6 3. Nf3 Nf6 4. Bd3 c6 5. O-O d5 6. Nbd2 Be7 7. Ne5 O-O 8. f3 Nbd7 9. f4 Nxe5 10. fxe5 Ng4
11. Nf3 Bd7 12. h3 Nh6 13. c3 g5 14. Bc2 g4 15. hxg4 Nxg4 16. Nh2 Nxh2 17. Kxh2 Kh8 18. Qh5 Rg8 19. Rf3 Bh4 20. Rh3 Rg5
21. Qxh4 Qg8 22. g3 Rg4 23. Qf6+ Qg7 24. Qxg7+ Kxg7 25. Bd2 Kh8 26. Rg1 Rag8 27. Be1 R4g6 28. Rg2 Be8 29. Kg1 Rg5 30. Rgh2 R8g7
31. Kg2 Bg6 32. Kf3 f4 33. Bxg6 R7xg6 34. Rxh7+ Kg8 35. Rh8+ Kf7 36. exf4 Rf5 37. g4
1-0

[Event "Snorlax # 25"]
[Site "SchemingMind.com"]
[Date "2009.03.14"]
[Round "-"]
[White "THart"]
[Black "chessleon"]
[Result "1-0"]
[WhiteCountry "USA"]
[BlackCountry "NED"]
[WhiteElo "1719"]
[WhiteRD "81"]
[BlackElo "1553"]
[BlackRD "70"]
[GameID "196491"]

1. d4 d5 2. Nf3 Nf6 3. e3 g6 4. Bd3 Bg7 5. O-O O-O 6. Nbd2 c6 7. h3 Nbd7 8. e4 dxe4 9. Nxe4 Nxe4 10. Bxe4 Nf6
11. Re1 Nxe4 12. Rxe4 Bf5 13. Re1 Qd5 14. Rxe7 Rfe8 15. Rxe8+ Rxe8 16. Be3 Qc4 17. c3 b5 18. Nd2 Qe6 19. g4 Bd3 20. Qf3 Be4
21. Nxe4 Qxe4 22. Qxe4 Rxe4 23. a4 f5 24. gxf5 gxf5 25. axb5 cxb5 26. Rxa7 f4 27. Bd2 Re2 28. Bxf4 Rxb2 29. Ra8+ Kf7 30. Ra7+ Kg6
31. Be5 Bh6 32. Ra6+ Kh5 33. f4 b4 34. cxb4 Rxb4 35. Ra5 Kh4 36. Ra2
1-0

[Event "Snorlax # 25"]
[Site "SchemingMind.com"]
[Date "2009.03.14"]
[Round "-"]
[White "THart"]
[Black "Joe Daudish"]
[Result "1/2-1/2"]
[WhiteCountry "USA"]
[BlackCountry "USA"]
[WhiteElo "1776"]
[WhiteRD "84"]
[BlackElo "1698"]
[BlackRD "45"]
[GameID "196492"]

1. e4 e6 2. d4 d5 3. e5 Ne7 4. Bd3 Ng6 5. Nf3 Be7 6. O-O c5 7. c3 Nc6 8. Bc2 b5 9. Bxg6 hxg6 10. Na3 a6
11. Nc2 Bd7 12. Ne3 cxd4 13. cxd4 Na5 14. b3 Nc6 15. Ng4 Nb4 16. a3 Nc6 17. Be3 b4 18. a4 Na5 19. Rb1 Rc8 20. Bd2 Qb6
21. h3 Nc6 22. Be3 Na5 23. Bd2 Nc6=
1/2-1/2

[Event "Snorlax # 25"]
[Site "SchemingMind.com"]
[Date "2009.03.14"]
[Round "-"]
[White "THart"]
[Black "staunton64"]
[Result "0-1"]
[WhiteCountry "USA"]
[BlackCountry "FRA"]
[WhiteElo "1719"]
[WhiteRD "81"]
[BlackElo "1764"]
[BlackRD "65"]
[GameID "196493"]

1. e4 c5 2. Nc3 d6 3. Bc4 Nf6 4. f4 Nc6 5. Nf3 a6 6. O-O g6 7. d3 Bg7 8. f5 Qc7 9. Ng5 Ne5 10. fxg6 hxg6
11. Rxf6 Bxf6 12. Nd5 Qd8 13. Nxf6+ exf6 14. Nf3 Nxc4 15. dxc4 Be6 16. b3 Qc7 17. Bf4 g5 18. Bxd6 Qc6 19. Bg3 Qxe4 20. Qd3 Bf5
21. Qxe4+ Bxe4 22. Re1 f5 23. Nxg5 O-O 24. Nxe4 fxe4 25. Rxe4 Rad8 26. Rg4+ Kh7 27. Rg5 f5 28. Bf4 Rd4 29. Rh5+ Kg8 30. Rg5+ Kh7
31. Rh5+ Kg6 32. Rh6+ Kf7 33. Bd6 Re8 34. Rh7+ Kg6 35. Re7 Rxe7 36. Bxe7 Rd1+ 37. Kf2 Rd2+ 38. Kf3 Rxc2 39. Bxc5 Rxa2 40. b4 Rc2
41. Bd6 Rxc4 42. Ke3 Re4+ 43. Kf3 Kf6 44. g3 Ke6 45. Bc5 Kd5 46. h4 b6 47. Bf8 Re8 48. Bg7 Kc4 49. h5 Re1 50. Kf2 Rh1
51. h6 Kxb4 52. Kg2 Rh5 53. Kf3 Kc4 54. Kf4 b5 55. g4 fxg4 56. Kxg4 Rh1 57. Kg5 a5 58. Kg6 b4 59. h7 Rxh7 60. Kxh7 a4
61. Kg6 b3 62. Bb2 Kb4 63. Kf5 a3
0-1

[Event "Snorlax # 25"]
[Site "SchemingMind.com"]
[Date "2009.03.15"]
[Round "-"]
[White "Cesar Fuertes"]
[Black "THart"]
[Result "1-0"]
[WhiteCountry "ARG"]
[BlackCountry "USA"]
[WhiteElo "2080"]
[WhiteRD "102"]
[BlackElo "1719"]
[BlackRD "81"]
[GameID "196494"]

1. d4 d5 2. c4 c6 3. Nc3 Nf6 4. Nf3 Bf5 5. e3 e6 6. Be2 Bb4 7. O-O O-O 8. Qb3 Bxc3 9. bxc3 Qc7 10. Nh4 Bg4
11. f3 Bh5 12. g4 Bg6 13. Nxg6 fxg6 14. g5 Nh5 15. f4 Nd7 16. Rb1 b6 17. cxd5 exd5 18. e4 Nxf4 19. Bxf4 Rxf4 20. exd5 Kh8
21. dxc6 Rxf1+ 22. Rxf1 Nf8 23. Qf7 Qxf7 24. Rxf7 Ne6 25. d5 Nxg5 26. Rd7 Kg8 27. c7 Nf7 28. d6 Kf8 29. Rxf7+ Kxf7 30. d7
1-0

[Event "Snorlax # 25"]
[Site "SchemingMind.com"]
[Date "2009.03.15"]
[Round "-"]
[White "Zugzwang"]
[Black "THart"]
[Result "1-0"]
[WhiteCountry "CAN"]
[BlackCountry "USA"]
[WhiteElo "1495"]
[WhiteRD "59"]
[BlackElo "1719"]
[BlackRD "81"]
[GameID "196495"]

1. d4 d5 2. Nf3 Bg4 3. Ne5 Bf5 4. c4 c6 5. Nc3 e6 6. cxd5 exd5 7. e4 dxe4 8. Bc4 Be6 9. Bxe6 fxe6 10. Nxe4 g6
11. O-O Nd7 12. Nxd7 Qxd7 13. Re1 O-O-O 14. Be3 Bg7 15. Qa4 b6 16. Red1 Nh6 17. Rd3 Nf5 18. Rc1 Kb7 19. Ra3 a5 20. b4 Nxd4
21. Kf1 Nb5 22. Rb3 Nc3 23. Nxc3 Bxc3 24. Rbxc3 Rc8 25. bxa5 Rhd8 26. Bxb6 c5 27. a6+ Kxb6 28. Rb3+ Ka7 29. Rb7+ Qxb7 30. axb7+ Kxb7
31. g3 Kb6 32. Rb1+ Kc7 33. Rc1 Kd6 34. f4 Ke7 35. Qa7+ Rd7 36. Qa3 Rd5 37. Re1 Rcd8 38. Qe3 R8d6 39. g4 h6 40. f5 gxf5
41. gxf5 Rxf5+ 42. Kg2 Rg5+ 43. Kh1 Kd7 44. a4 Kc7 45. Rb1 Kd7 46. a5 Kc7 47. Qb3 Kd8 48. Qb8+ Ke7 49. Qb7+ Rd7 50. a6 Rg8
51. Qb6 Rd5 52. a7 Kf6 53. Qb8 Rgd8 54. a8=Q Rd1+ 55. Rxd1 Rxd1+ 56. Kg2 Rd2+ 57. Kh3 Rd3+ 58. Qg3
1-0

[Event "Snorlax # 25"]
[Site "SchemingMind.com"]
[Date "2009.03.14"]
[Round "-"]
[White "chessleon"]
[Black "THart"]
[Result "0-1"]
[WhiteCountry "NED"]
[BlackCountry "USA"]
[WhiteElo "1608"]
[WhiteRD "73"]
[BlackElo "1776"]
[BlackRD "84"]
[GameID "196496"]

1. c4 e5 2. Nc3 Bb4 3. Nd5 Nc6 4. Nxb4 Nxb4 5. Qb3 Nc6 6. e3 Nf6 7. Ne2 O-O 8. g3 d5 9. cxd5 Nxd5 10. Bg2 Ndb4
11. d4 exd4 12. Nxd4 Nxd4 13. exd4 Nc6 14. d5 Re8+ 15. Be3 Ne5 16. O-O Qf6 17. h4 Nf3+ 18. Bxf3 Qxf3 19. Rac1 Bh3
0-1

[Event "Snorlax # 25"]
[Site "SchemingMind.com"]
[Date "2009.03.14"]
[Round "-"]
[White "Joe Daudish"]
[Black "THart"]
[Result "1/2-1/2"]
[WhiteCountry "USA"]
[BlackCountry "USA"]
[WhiteElo "1698"]
[WhiteRD "45"]
[BlackElo "1776"]
[BlackRD "84"]
[GameID "196497"]

1. d4 d5 2. Nf3 c6 3. Bf4 Bf5 4. e3 e6 5. Bd3 Bxd3 6. Qxd3 Nf6 7. h3 Bd6 8. Bxd6 Qxd6 9. c3 O-O 10. O-O Nbd7
11. Nbd2 Rfe8 12. Rfe1 c5 13. a3 c4 14. Qc2 e5 15. dxe5 Nxe5 16. Nxe5 Rxe5 17. Nf3 Rh5 18. Rad1 Re8 19. Rd4 g6 20. Red1 b5
21. a4 a6 22. axb5 axb5 23. b3 Ne4 24. bxc4 bxc4 25. Rxe4 Rxe4 26. Qxe4 dxe4 27. Rxd6 exf3 28. Rc6 Rh4 29. Kh2 fxg2 30. Kxg2 Kg7
31. f3 Rh5 32. Rxc4 Ra5 33. h4 h5 34. Kg3 Ra1 35. Rd4 Rc1 36. c4 Kh6 37. Kf4 f6 38. e4 Rh1 39. Kg3 Rg1+ 40. Kh2 Rc1
41. Kg2 Rc2+ 42. Kg3 Rc1 43. Kg2=
1/2-1/2

[Event "Snorlax # 25"]
[Site "SchemingMind.com"]
[Date "2009.03.14"]
[Round "-"]
[White "staunton64"]
[Black "THart"]
[Result "1-0"]
[WhiteCountry "FRA"]
[BlackCountry "USA"]
[WhiteElo "1712"]
[WhiteRD "64"]
[BlackElo "1776"]
[BlackRD "84"]
[GameID "196498"]

1. c4 e5 2. Nc3 Bb4 3. Nf3 d6 4. g3 Nf6 5. e4 Bxc3 6. bxc3 Nxe4 7. Qc2 f5 8. d3 Nf6 9. Bg5 O-O 10. Bg2 c5
11. h4 h6 12. Bd2 f4 13. gxf4 Ng4 14. fxe5 dxe5 15. Be3 Nxe3 16. fxe3 Qf6 17. Rf1 Qe7 18. O-O-O Bg4 19. Rf2 Nd7 20. Rdf1 Bxf3
21. Bxf3 Qxh4 22. Bd5+ Kh8 23. Rxf8+ Rxf8 24. Rg1 Qf2 25. Qxf2 Rxf2 26. Kb1 b6 27. a4 Nf6 28. Rd1 Re2 29. e4 Rf2 30. Be6 Nh5
31. d4 exd4 32. cxd4 cxd4 33. Rxd4 Rf1+ 34. Ka2 Rf2+ 35. Kb3 Ng3 36. e5 Re2 37. Rd5 h5 38. Bf7 a5 39. Bg6 Re3+ 40. Kc2 Re2+
41. Kd1
1-0

[Event "Snorlax # 25"]
[Site "SchemingMind.com"]
[Date "2009.03.18"]
[Round "-"]
[White "Eden"]
[Black "Cesar Fuertes"]
[Result "0-1"]
[WhiteCountry "CZE"]
[BlackCountry "ARG"]
[WhiteElo "1491"]
[WhiteRD "65"]
[BlackElo "2080"]
[BlackRD "102"]
[GameID "196893"]

1. e4 c5 2. Bc4 d6 3. d3 g6 4. Qf3 Nf6 5. h3 Bg7 6. g4 O-O 7. Na3 Nc6 8. Bf4 Nxg4 9. hxg4 Bxb2 10. Bh6 Bxa1
11. Bxf8 Qxf8 12. Nh3 Bg7 13. Ng5 Ne5 14. Qf4 h6 15. Nf3 Nxg4 16. Nb5 a6 17. Nc7 Rb8 18. Nd5 b5 19. Bb3 c4 20. dxc4 bxc4
21. Nh2 cxb3 22. axb3 Be5 23. Qxg4 Bxg4 24. Nxg4 Bg7 25. Nc7 Qc8 26. Nd5 Qxg4 27. Nxe7+ Kh7 28. Kd2 Qxe4
0-1